000 00700nam a2200181Ia 4500
001 11847
003 GE_BSU
008 181216s||||||||xx |||||||||||||| ||und||
040 _cGE_BSU
245 _aМикроэлементы в жизни растений и животных: труды конференции по микроэлементам. 1950
245 _cРед.ком.Н.А.Максимов
260 _aМосква
260 _bАкад. наук СССР
260 _c1952
300 _a614стр.27см.
653 _aМикроэлементы в жизни растений и животных: труды конференции по микроэлементам
942 _cBK
999 _c45026
_d45026